000 00579nam a2200181Ia 4500
003 GCL
008 140319s9999 xx 000 0 ara d
020 _a8420303977
040 _aGCL /
_cGCL
082 0 4 _a811.09
_bا ج
100 1 _aاحمد تيمور
245 1 0 _aجمل وقرنفلة واسى /
_cاحمد تيمور
260 _aالقاهرة :
_bدار قباء للطباعة والنشر والتوزيع ،
_c2002
300 _a184 ص ؛
_c16 سم
650 0 4 _aالشعر العربى
650 0 4 _aالشعر العربى - مجموعات
942 _2ddc
_cBK
999 _c32929
_d32929